Tvorba efektívnych investičných projektov vo vybranom odvetví národného hospodárstva bakalárska práca
Enregistré dans:
| Auteur principal: | |
|---|---|
| Collectivité auteur: | |
| Autres auteurs: | |
| Format: | Livre |
| Langue: | slovaque |
| Publié: |
Bratislava
2018
|
| Tags: |
Pas de tags, Soyez le premier à ajouter un tag!
|
MARC
| LEADER | 00000nbm a2200000 4500 | ||
|---|---|---|---|
| 001 | 0245932 | ||
| 005 | 20181214131150.5 | ||
| 041 | 0 | |a slo | |
| 044 | |a SK | ||
| 245 | 1 | 0 | |a Tvorba efektívnych investičných projektov vo vybranom odvetví národného hospodárstva |b bakalárska práca |c Peter Štellár ; školiteľ: Alena Bašová |
| 264 | 1 | |a Bratislava |c 2018 | |
| 300 | |a 46 s. | ||
| 100 | 1 | |a Štellár, Peter | |
| 700 | 1 | |a Bašová, Alena, 1961- | |
| 710 | 2 | |a Národohospodárska fakulta EU. Katedra financií | |